|
|
|
|
| LEADER |
00000nam0a2200000 4500 |
| 001 |
303091 |
| 005 |
20231102001553.0 |
| 010 |
|
|
|a 9785996311545
|
| 035 |
|
|
|a (RuTPU)RU\TPU\book\328311
|
| 090 |
|
|
|a 303091
|
| 100 |
|
|
|a 20150831d2015 m y0rusy50 ca
|
| 101 |
1 |
|
|a rus
|c eng
|
| 102 |
|
|
|a RU
|
| 105 |
|
|
|a a j 001zy
|
| 200 |
1 |
|
|a Медицинская микробиология и иммунология
|e пер. с англ.
|f У. Левинсон
|
| 210 |
|
|
|a Москва
|c БИНОМ. Лаборатория знаний
|d 2015
|
| 215 |
|
|
|a 1181 с.
|c ил.
|
| 225 |
1 |
|
|a Лучший зарубежный учебник
|
| 320 |
|
|
|a Предметный указатель: с. 1164-1181.
|
| 330 |
|
|
|a Книга призвана обеспечить читателя источником краткой современной информации. Охватывает как теоретические основы, так и практические вопросы бактериологии, вирусологии, микологии, паразитологии и иммунологии. Авторами сделан упор на клиническое применение базовых знаний по микробиологии и иммунологии при лечении инфекционных заболеваний. Все наиболее важные аспекты микробиологии охвачены в более чем 600 практических вопросах, общих или касающихся клинических ситуаций, которые для диагностики требуют знания научных основ. Представлены множество микрофотографий микроорганизмов и описание основных лабораторных тестов, а также современная информация об антимикробных препаратах и вакцинах. Для студентов медицинских и биологических специальностей.
|
| 606 |
1 |
|
|a Иммунология
|x Медицина
|2 stltpush
|3 (RuTPU)RU\TPU\subj\12405
|9 39191
|
| 606 |
1 |
|
|a Микробиология
|2 stltpush
|3 (RuTPU)RU\TPU\subj\42262
|9 61949
|
| 610 |
1 |
|
|a бактериология
|
| 610 |
1 |
|
|a бактерии
|
| 610 |
1 |
|
|a бактериальные клетки
|
| 610 |
1 |
|
|a строение
|
| 610 |
1 |
|
|a рост
|
| 610 |
1 |
|
|a генетика
|
| 610 |
1 |
|
|a классификация
|
| 610 |
1 |
|
|a нормальная микрофлора
|
| 610 |
1 |
|
|a патогенез
|
| 610 |
1 |
|
|a иммунная защита
|
| 610 |
1 |
|
|a лабораторная диагностика
|
| 610 |
1 |
|
|a антимикробные препараты
|
| 610 |
1 |
|
|a стерилизация
|
| 610 |
1 |
|
|a дезинфекция
|
| 610 |
1 |
|
|a клиническая бактериология
|
| 610 |
1 |
|
|a анаэробные бактерии
|
| 610 |
1 |
|
|a патогенные бактерии
|
| 610 |
1 |
|
|a вирусология
|
| 610 |
1 |
|
|a вирусы
|
| 610 |
1 |
|
|a клиническая вирусология
|
| 610 |
1 |
|
|a вирусные патогены
|
| 610 |
1 |
|
|a микология
|
| 610 |
1 |
|
|a микозы
|
| 610 |
1 |
|
|a паразитология
|
| 610 |
1 |
|
|a инфекции
|
| 610 |
1 |
|
|a возбудители
|
| 610 |
1 |
|
|a цестоды
|
| 610 |
1 |
|
|a трематоды
|
| 610 |
1 |
|
|a нематоды
|
| 610 |
1 |
|
|a иммунитет
|
| 610 |
1 |
|
|a антитела
|
| 610 |
1 |
|
|a эктопаразиты
|
| 610 |
1 |
|
|a учебники
|
| 675 |
|
|
|a 612.017(075.8)
|v 4
|
| 675 |
|
|
|a 579(075.8)
|v 4
|
| 700 |
|
1 |
|a Левинсон
|b У.
|g Уоррен
|
| 801 |
|
1 |
|a RU
|b 63413507
|c 20150831
|
| 801 |
|
2 |
|a RU
|b 63413507
|c 20151102
|g RCR
|
| 900 |
|
|
|a Общая микробиология
|
| 900 |
|
|
|a Основы микробиологии и биотехнологии
|
| 900 |
|
|
|a Основы микробиологии, биохимии и фармакологии
|
| 900 |
|
|
|a Общая биология и микробиология
|
| 942 |
|
|
|c BK
|
| 959 |
|
|
|a 37/20150407
|d 1
|e 3000,00
|f ЧЗТЛ:1
|